| 000 | 00601nam a2200169 a 4500 | ||
|---|---|---|---|
| 005 | 20140412111243.0 | ||
| 008 | 010809s19uu xx 00 eng d | ||
| 020 | _a971-511-242-0 | ||
| 050 |
_aER _bY1 1991 |
||
| 100 | _aYturzaita, Beth P. | ||
| 245 |
_aRed, yellow, green / _cStory by Beth P. Yturzaita; translated into English by Daphne McKenzie; illustrated by Jonathan Vera. |
||
| 260 |
_aManila, Philippines : _bHiyas Children's Collection, _c1991. |
||
| 300 | _a1v. (unp.) ; ill. | ||
| 650 | _aTraffic education - Juvenile literature | ||
| 650 | _aSigns-Juvenile literature | ||
| 999 |
_c102843 _d102843 |
||